000 01023nam a2200301Ia 4500
005 20220317001125.0
008 160825s2008 sp a g 000 0 spa
020 _a97884207403012
082 0 4 _a932
_bF27a
100 1 _aFernández Rubio, Narcís
245 1 0 _aAsí vivían los egipcios
_cNarcís Fernández Rubio
250 _a9a. edición
300 _a96 páginas
_bilustraciones
_c19 cm
490 _aBiblioteca básica de historia
_pvida cotidiana
500 _aIncluye índice y glosario
504 _aIncluye bibliografía, índice y glosario
650 1 4 _2LEMB
_aHistoria del mundo antiguo
651 4 _aEgipto
_xHistoria
_916710
651 4 _aEgipto
_xCivilización
_96844
651 4 _aEgipto
_xVida cotidiana
_966470
651 4 _aEgipto
_xAspectos socioeconómicos
_966471
942 _2ddc
_cBK
264 _aMadrid
_bAnaya
_c2008
336 _atexto
_btxt
_2rdacontent
337 _asin mediación
_bn
_2rdamedia
338 _avolumen
_bnc
_2rdacarrier
040 _aCO-BoRNBP
_bspa
_erda
_cCO-BoRNBP
999 _c5998
_d5998